000 00901nam a2200289Ia 4500
003 OSt
005 20221007123133.0
006 a|||||r|||| 00| 0
007 ta
008 221006b |||||||| |||| 00| 0 eng d
020 _a9789814713078 (hbk)
024 _a199648
037 _cTextual
040 _aPAPL
_cPAPL
_beng
041 _2eng
_aeng
082 _aC21:(D), Q7 Carpa
100 _aMaiti Chinmay Kumar
_9716613
245 0 _aComputer aided design of micro-and nanoelectronic devices
260 _aSingapore
_bWorld Scientific
_c2017
300 _axxxv, 428p. ill.
_ccm.
500 _aBibliography 419-422p.; Index 423-428p.
650 _a Electronic apparatus and appliances
_9716614
650 _a Nanoelectrochemical systems
_9716615
650 _aPhysics
942 _hC21:(D), Q7 Carpa
_cTEXL
_2CC
999 _c1211424
_d1211424